00651nam a2200229 a 4500001001300000003000900013005001700022008004100039020001000080082001600090100001300106245004400119260003600163300000900199500003500208505001000243650002200253902000800275942000700283952011600290999001500406nice12345678IN_TiNIC20260116011757.0050524s0000 dela grp 000 0 eng  ac10000a297.63bDIN aDinet, E aLife of Mohammadb the Prophet of Allah aDelhibKutub Khana Aziziac0000 a212p aincludes index and biblioraphy2 aIndex aMuhammad, Prophet bSRS cBK 001040708StackRoom-aHMIbHMId2009-07-10g100.00l0o297.63 DINp09089r2009-07-10v100.00w2005-05-24yBK c3878d3878